US-Bundesstaaten, die mit M beginnen - Statistiken

Allgemein
  • Dieses Quiz wurde 281 mal gespielt
  • Das Durchschnittsergebnis liegt bei 7 aus 8
Antwortstatistiken
US-Bundesstaat % Korrekt
Mississippi
88%
Maine
86%
Minnesota
84%
Montana
83%
Michigan
79%
Massachusetts
78%
Missouri
78%
Maryland
75%
Keine übereinstimmenden Quizze gefunden
Verteilung der Resultate
Anzahl Personen mit jedem Resultat
Perzentil nach korrekt beantworteten Fragen
Ihre Resultats-Entwicklung
Sie haben dieses Quiz noch nicht gespielt